000 00493nam a2200181Ia 4500
005 20250508161605.0
008 008 250505s9999 xx 000 0 hin d
037 _aTextual
040 _aFEDL
_beng
_cFEDL
041 _ahin
_2eng
084 _a371.426, WAR
_qFEDL
100 _aWaren
245 0 _aVyvasaik aur takniki shiksha
260 _aNew Delhi, India
_bThomson Press Limited
_c1971
300 _a255p.
942 _cTEXL
_h371.426, WAR
999 _c1370960
_d1370960